Эктонный механизм генерации ионных потоков вакуумной дуги; Доклады Академии наук; Т. 380, № 3

Détails bibliographiques
Parent link:Доклады Академии наук: журнал/ Российская академия наук (РАН).— , 1992-
Т. 380, № 3.— 2001.— С. 328-331
Auteur principal: Месяц Г. А. Геннадий Андреевич
Autres auteurs: Баренгольц С. А.
Langue:russe
Publié: 2001
Sujets:
Format: Chapitre de livre
KOHA link:https://koha.lib.tpu.ru/cgi-bin/koha/opac-detail.pl?biblionumber=453176

MARC

LEADER 00000naa2a2200000 4500
001 453176
005 20231101083911.0
035 |a (RuTPU)RU\TPU\prd\115681 
090 |a 453176 
100 |a 20110706a2001 k y0rusy50 ca 
101 0 |a rus 
102 |a RU 
200 1 |a Эктонный механизм генерации ионных потоков вакуумной дуги  |f Г. А. Месяц, С. А. Баренгольц 
320 |a Библиогр.: с. 331 (10 назв.) 
461 0 |0 (RuTPU)RU\TPU\prd\1768  |t Доклады Академии наук  |o журнал  |f Российская академия наук (РАН)  |d 1992- 
463 0 |0 (RuTPU)RU\TPU\prd\68764  |t Т. 380, № 3  |v С. 328-331  |d 2001 
610 1 |a труды учёных ТПУ 
700 1 |a Месяц  |b Г. А.  |c российский физик  |c академик, вице-президент РАН  |c выпускник Томского политехнического института  |f 1936-  |g Геннадий Андреевич  |2 stltpush  |3 (RuTPU)RU\TPU\pers\17099 
701 1 |a Баренгольц  |b С. А. 
801 1 |a RU  |b 63413507  |c 20110706 
942 |c BK